000 00912nam a2200265 a 4500
001 000020055
005 20260417182716.0
008 100719s1957 sp 001 e spa d
040 _aDO-SdBNP
_bspa
_cBNPHU
082 _a864.62
_bU54alg, 1957
100 1 _aUnamuno, Miguel de,
_d1864-1936
_96254
245 1 0 _aAlgunas consideraciones sobre la literatura hispanoamericana /
_cMiguel de Unamuno.
250 _a2a ed.
260 _aMadrid :
_bEspasa-Calpe,
_c1957.
300 _a154 p. ;
_c18 cm.
490 1 _aAustral. Verde: ensayos y filosofía
_v703
504 _aIncluye referencias bibliográficas y notas al pie de las páginas.
500 _aIncluye índice de autores.
650 4 _aEnsayos españoles
_93095
650 4 _aLiteratura española
_9632
650 0 _aLiteratura hispanoamericana
_9318
830 0 _aAustral.
_pVerde: ensayos y filosofía;
_v703
_98733
910 _aWM
049 _aBNGR
999 _c19563
_d19563